| 000 | 00455cam a22001457a 4500 | ||
|---|---|---|---|
| 008 | 180718b1987 xxu||||| |||| 00| 0 eng d | ||
| 082 | _aK12x54 Up1m | ||
| 100 | _aUpadhyaya, R.B. | ||
| 245 |
_aManagement of conflict between generalist and specialist administrators in India _cby R.B. Upadhyaya and K.C. Sharma |
||
| 260 |
_aJaipur _bShashi _c1987 |
||
| 300 | _a238p. | ||
| 650 | _aGeneralists | ||
| 650 | _aCivil service - India | ||
| 700 | _aSharma, K.C. | ||
| 999 |
_c355770 _d355770 |
||